[Event "26th EUR-ch"]
[Site "Katowice POL"]
[Date "2026.04.12"]
[Round "5.108"]
[White "Akbas, Umut Ata"]
[Black "Przybylski, Bartosz"]
[Result "1-0"]
[WhiteElo "2470"]
[BlackElo "2249"]
[EventDate "2026.04.07"]
[PlyCount "95"]

1.Nf3 d5 2.d4 Nf6 3.c4 e6 4.Nc3 Nbd7 5.cxd5 exd5 6.Qc2 Bb4 7.Bf4 c5 8.e3 
Qa5 9.Bd3 c4 10.Bf5 O-O 11.O-O Bxc3 12.bxc3 Nb6 13.Bxc8 Raxc8 14.a4 Nbd7 
15.Rab1 Qa6 16.Nd2 Qc6 17.f3 Rfe8 18.Rfe1 Re6 19.g4 Rce8 20.Nf1 h6 21.h4 
h5 22.g5 Nh7 23.Rb4 Nhf8 24.a5 b5 25.axb6 axb6 26.Ra1 Ng6 27.Bg3 Ra8 28.
Rxa8+ Qxa8 29.Ra4 Qc6 30.Ra7 Ngf8 31.Bf2 g6 32.Ng3 Re8 33.e4 Ra8 34.Qa2 
Rxa7 35.Qxa7 dxe4 36.Nxe4 b5 37.Qa3 Qd5 38.Bg3 Kg7 39.Kg2 Kg8 40.Qb4 Kg7 
41.Nd6 Qe6 42.Qxb5 Qe2+ 43.Bf2 Ne6 44.Qxd7 Nf4+ 45.Kg3 Nd3 46.Qxf7+ Kh8 
47.Qf8+ Kh7 48.Qh6+ 1-0

[Event "26th EUR-ch"]
[Site "Katowice POL"]
[Date "2026.04.12"]
[Round "5.109"]
[White "Ljepic, Andrej"]
[Black "Smietanska, Wiktoria"]
[Result "1/2-1/2"]
[WhiteElo "2446"]
[BlackElo "2248"]
[EventDate "2026.04.07"]
[PlyCount "120"]

1.e4 e5 2.Nf3 Nc6 3.Bc4 Bc5 4.O-O Nf6 5.d3 d6 6.Be3 O-O 7.Bxc5 dxc5 8.h3 
Qd6 9.Nc3 a6 10.a4 Be6 11.Nd2 Nd4 12.a5 Rfd8 13.Re1 Bxc4 14.Nxc4 Qe6 15.
Ne3 b5 16.b3 Ne8 17.Kh2 c6 18.Nb1 Nd6 19.Nd2 Qe7 20.Qg4 Qf6 21.Rf1 Qf4+ 
22.g3 Qxg4 23.hxg4 f6 24.Ra2 g6 25.Kg2 Kg7 26.f4 Rf8 27.Rf2 Rae8 28.f5 b4 
29.Ndc4 N6b5 30.Ra1 Nc3 31.fxg6 hxg6 32.g5 f5 33.exf5 Nxf5 34.Nxf5+ Rxf5 
35.Raf1 Rxf2+ 36.Rxf2 e4 37.dxe4 Nxe4 38.Re2 Kf8 39.Nb6 Re7 40.Na4 Ke8 41.
Re3 Kd8 42.g4 Re5 43.Kf3 Nxg5+ 44.Kf4 Rxe3 45.Kxe3 Ne6 46.Ke4 Kd7 47.Ke5 
Ke7 48.Nb2 Nd4 49.Nd3 Ne6 50.g5 Nxg5 51.Nxc5 Nf3+ 52.Kf4 Nd4 53.Nxa6 Nxc2 
54.Nc5 Nd4 55.Ke5 Nb5 56.Nd3 Kd7 57.Nxb4 c5 58.Nd3 Kc6 59.Kf6 Nd4 60.Kxg6 
Nxb3 1/2-1/2

[Event "26th EUR-ch"]
[Site "Katowice POL"]
[Date "2026.04.12"]
[Round "5.110"]
[White "Kolosowski, Mateusz"]
[Black "Brzezina, Pawel"]
[Result "1-0"]
[WhiteElo "2444"]
[BlackElo "2247"]
[EventDate "2026.04.07"]
[PlyCount "113"]

1.e4 c6 2.d4 d5 3.e5 Bf5 4.Nf3 e6 5.Be2 c5 6.Be3 cxd4 7.Nxd4 Ne7 8.Nd2 
Nbc6 9.N2f3 Be4 10.O-O Bxf3 11.Nxf3 Qc7 12.Re1 Nf5 13.Bf4 Bc5 14.Bd3 Qb6 
15.Qd2 Nfe7 16.a3 Ng6 17.Bg3 a5 18.h4 Nge7 19.Rab1 a4 20.Qf4 h6 21.h5 Rf8 
22.b4 axb3 23.Rxb3 Qc7 24.Reb1 b6 25.Qg4 Kd7 26.Bb5 Nf5 27.Bh2 Kc8 28.Rc3 
Nce7 29.Kh1 Kb7 30.a4 Qd8 31.Kg1 Qc7 32.Rbb3 Ra5 33.Rd3 Rfa8 34.Rd1 Qc8 
35.Ne1 Nc6 36.c3 Be7 37.Rdb1 Bd8 38.Nd3 R8a7 39.Qf3 Ka8 40.Bf4 Rc7 41.Nb2 
Na7 42.Bf1 Rc6 43.g4 Nh4 44.Qe3 Rac5 45.c4 dxc4 46.Rc3 b5 47.axb5 Rxb5 48.
Bg3 Kb8 49.Bxh4 Bxh4 50.Ra1 Qb7 51.Nxc4 Bg5 52.Qe4 Rcc5 53.Qc2 Qc7 54.Bg2 
Be7 55.Qa4 f6 56.Nd6 Rxc3 57.Qxb5+ 1-0

[Event "26th EUR-ch"]
[Site "Katowice POL"]
[Date "2026.04.12"]
[Round "5.111"]
[White "Jakubowski, Krzysztof"]
[Black "Prisacaru, Stefan-Emilian"]
[Result "1/2-1/2"]
[WhiteElo "2434"]
[BlackElo "2243"]
[EventDate "2026.04.07"]
[PlyCount "88"]

1.e4 c5 2.Nc3 Nc6 3.g3 g6 4.Bg2 Bg7 5.d3 d6 6.f4 e6 7.Nh3 Nge7 8.O-O Rb8 
9.Be3 b6 10.Kh1 O-O 11.g4 f5 12.gxf5 exf5 13.Bf2 Bf6 14.Qd2 Nd4 15.Rae1 
fxe4 16.Nxe4 Bg7 17.Neg5 Qd7 18.Bxd4 Bxd4 19.Ne6 Re8 20.Nxd4 cxd4 21.Qb4 
Bb7 22.Qc4+ Kf8 23.Ng5 Bxg2+ 24.Kxg2 Nf5 25.Ne6+ Kg8 26.Nxd4+ d5 27.Qc6 
Qxc6 28.Nxc6 Rxe1 29.Rxe1 Rc8 30.Ne7+ Nxe7 31.Rxe7 Rxc2+ 32.Kf3 Rxb2 33.
Rxa7 Rxh2 34.Ke3 h5 35.a4 Ra2 36.Rd7 h4 37.f5 g5 38.f6 h3 39.Rg7+ Kf8 40.
Rxg5 h2 41.Rh5 Kf7 42.Rh6 Rxa4 43.Rxh2 Kxf6 44.Rh6+ Ke5 1/2-1/2

[Event "26th EUR-ch"]
[Site "Katowice POL"]
[Date "2026.04.12"]
[Round "5.112"]
[White "Tulchynskyi, Feliks"]
[Black "Drazic, Sinisa"]
[Result "1-0"]
[WhiteElo "2432"]
[BlackElo "2239"]
[EventDate "2026.04.07"]
[PlyCount "105"]

1.e4 e5 2.Nf3 Nc6 3.Bb5 Nf6 4.d3 d6 5.c3 h6 6.Nbd2 Bd7 7.Ba4 g6 8.O-O Bg7 
9.Re1 O-O 10.d4 a6 11.Bxc6 Bxc6 12.dxe5 dxe5 13.Nxe5 Bxe4 14.Nxe4 Nxe4 15.
Nxg6 Nxc3 16.Qxd8 Rfxd8 17.Ne7+ Kh7 18.bxc3 Bxc3 19.Be3 Bxa1 20.Rxa1 Rd3 
21.Kf1 Rad8 22.Ke2 Ra3 23.g4 Rd7 24.Nf5 Rd5 25.Kf3 h5 26.h3 c6 27.Ng3 
hxg4+ 28.hxg4 Rda5 29.Nf5 Kg6 30.Rh1 Rxf5+ 31.gxf5+ Kxf5 32.Rb1 b5 33.Rc1 
Rxa2 34.Rxc6 Ke5 35.Rc5+ Kd6 36.Ke4 b4 37.Rc8 a5 38.Rb8 f5+ 39.Kd3 f4 40.
Bxf4+ Kd5 41.Rd8+ Kc5 42.Be3+ Kc6 43.Rb8 Ra3+ 44.Kc4 Rc3+ 45.Kd4 Rb3 46.
Kc4 Rc3+ 47.Kd4 Rb3 48.Ke4 Rb1 49.Rb6+ Kc7 50.Ra6 Ra1 51.Bb6+ Kc6 52.Bd4+ 
Kb5 53.Rb6+ 1-0

[Event "26th EUR-ch"]
[Site "Katowice POL"]
[Date "2026.04.12"]
[Round "5.113"]
[White "Besou, Hussain"]
[Black "Krasniewski, Maciej"]
[Result "1-0"]
[WhiteElo "2427"]
[BlackElo "2227"]
[EventDate "2026.04.07"]
[PlyCount "95"]

1.d4 Nf6 2.c4 e6 3.Nf3 b6 4.g3 Bb7 5.Bg2 Be7 6.O-O O-O 7.Nc3 Ne4 8.Bd2 d6 
9.d5 Nxd2 10.Nxd2 e5 11.b4 a5 12.bxa5 Rxa5 13.Nb3 Ra8 14.a4 Nd7 15.a5 Ba6 
16.Nd2 bxa5 17.Rxa5 Nc5 18.Qc2 Bb7 19.Rfa1 Rxa5 20.Rxa5 f5 21.Nb3 c6 22.
dxc6 Nxb3 23.Qxb3 Bxc6 24.Ra6 Bxg2 25.Kxg2 Qb8 26.Rb6 Qa8+ 27.Nd5 Kh8 28.
Rb7 Bg5 29.Qb6 Rg8 30.h4 Bd8 31.Qb3 Qc8 32.Rb8 Qe6 33.Qb7 Bf6 34.Rxg8+ 
Kxg8 35.Qc6 Kf7 36.Nc7 Qe7 37.Nb5 Qe6 38.Nxd6+ Kg6 39.g4 fxg4 40.Qe4+ Kh6 
41.Nf5+ Kh5 42.Kg3 g5 43.hxg5 Bh8 44.Qxg4+ Kg6 45.Nh4+ Kg7 46.Qh5 Qxc4 47.
e4 Kf8 48.Nf5 1-0

[Event "26th EUR-ch"]
[Site "Katowice POL"]
[Date "2026.04.12"]
[Round "5.114"]
[White "Tadic, Stefan"]
[Black "Gov, Guy"]
[Result "1-0"]
[WhiteElo "2421"]
[BlackElo "2222"]
[EventDate "2026.04.07"]
[PlyCount "111"]

1.d4 d5 2.Bf4 e6 3.e3 Bd6 4.Bg3 Nf6 5.Nd2 O-O 6.Ngf3 c5 7.c3 Nc6 8.Bd3 
cxd4 9.exd4 Qc7 10.Bxd6 Qxd6 11.O-O Re8 12.h3 e5 13.dxe5 Nxe5 14.Nxe5 Qxe5
15.Nf3 Qf4 16.Qc1 Nh5 17.Bb5 Re6 18.Qxf4 Nxf4 19.Rfe1 a6 20.Bf1 Bd7 21.Nd4
Rxe1 22.Rxe1 Re8 23.Rd1 Kf8 24.Nb3 Bc8 25.Kh2 Rd8 26.g3 Ne6 27.Bg2 Nc7 28.
c4 Be6 29.Na5 b6 30.Nc6 Rc8 31.cxd5 Bxd5 32.Rxd5 Nxd5 33.Bxd5 Re8 34.Kg2 
Re2 35.b4 Rd2 36.Bb3 f6 37.Kf3 Rd6 38.b5 axb5 39.Na7 b4 40.Ke4 Rd2 41.Ke3 
Rd6 42.Nb5 Rc6 43.Nd4 Rc3+ 44.Kd2 g6 45.Nc2 f5 46.Nxb4 Rc5 47.Nd5 Rc6 48.
Kd3 g5 49.Ne3 Rh6 50.Nxf5 Rxh3 51.Bd5 h5 52.Ke2 h4 53.gxh4 gxh4 54.Bf3 Kf7
55.Ne3 Kf6 56.Bg2 1-0

[Event "26th EUR-ch"]
[Site "Katowice POL"]
[Date "2026.04.12"]
[Round "5.115"]
[White "Dubinski, Mateusz"]
[Black "Govciyan, Pavel"]
[Result "0-1"]
[WhiteElo "2222"]
[BlackElo "2420"]
[EventDate "2026.04.07"]
[PlyCount "54"]

1.d4 g6 2.c4 Bg7 3.e4 d6 4.Nf3 Bg4 5.Be2 Nc6 6.Be3 e5 7.d5 Bxf3 8.Bxf3 Nd4
9.Qa4+ Kf8 10.Bxd4 exd4 11.Nd2 Nf6 12.O-O h5 13.Rad1 Ng4 14.Bxg4 hxg4 15.
Qa3 Qh4 16.Qg3 Qh5 17.f3 Be5 18.f4 Bf6 19.h3 gxh3 20.gxh3 g5 21.fxg5 Bxg5 
22.Nf3 Be3+ 23.Kh2 Ke7 24.Nxd4 Bxd4 25.Rxd4 Rag8 26.Rf5 Qe2+ 27.Rf2 Rxg3 
0-1

[Event "26th EUR-ch"]
[Site "Katowice POL"]
[Date "2026.04.12"]
[Round "5.116"]
[White "Piliposian, Robert"]
[Black "Korszanski, Stanislaw"]
[Result "1-0"]
[WhiteElo "2420"]
[BlackElo "2215"]
[EventDate "2026.04.07"]
[PlyCount "59"]

1.d4 e6 2.c4 b6 3.e4 Bb4+ 4.Bd2 Bxd2+ 5.Qxd2 d5 6.Bd3 Bb7 7.cxd5 exd5 8.e5
Ne7 9.f4 Ba6 10.Nf3 Bxd3 11.Qxd3 g6 12.Nc3 Qd7 13.O-O-O Nbc6 14.h3 Nb4 15.
Qd2 h5 16.Ng5 Nec6 17.e6 fxe6 18.a3 Na5 19.Qe2 Nbc6 20.Nxe6 Kf7 21.f5 gxf5
22.Rhe1 Rae8 23.Qf2 Rxe6 24.Qxf5+ Ke7 25.Nxd5+ Kd6 26.Qf4+ Kxd5 27.Re5+ 
Kc4 28.Qf1+ Kb3 29.Qd3+ Ka4 30.Qb5# 1-0

[Event "26th EUR-ch"]
[Site "Katowice POL"]
[Date "2026.04.12"]
[Round "5.117"]
[White "Brozyna, Mateusz"]
[Black "Risteski, Emil"]
[Result "0-1"]
[WhiteElo "2242"]
[BlackElo "2416"]
[EventDate "2026.04.07"]
[PlyCount "160"]

1.d4 d5 2.c4 e6 3.Nf3 Nf6 4.Nc3 h6 5.g3 Nc6 6.Bg2 Bd6 7.O-O O-O 8.a3 dxc4 
9.Qa4 e5 10.dxe5 Nxe5 11.Nxe5 Bxe5 12.Rd1 Qe7 13.Qxc4 c6 14.Qb4 c5 15.Qb3 
Rb8 16.Be3 Be6 17.Nd5 Nxd5 18.Bxd5 Rfc8 19.Bxe6 Qxe6 20.Qxe6 fxe6 21.Rab1 
b5 22.Bf4 Bxf4 23.gxf4 Rc7 24.Rbc1 Kf7 25.e3 Rb6 26.Kf1 Kf6 27.Ke2 c4 28.
Rd4 Rc5 29.Rd7 b4 30.axb4 Rxb4 31.Rc2 a5 32.Rd4 Rcb5 33.Rdxc4 Rxc4 34.Rxc4
Rxb2+ 35.Kf3 Rb6 36.Ra4 Rb5 37.Rc4 Rb6 38.Ra4 Ra6 39.Ke4 Ra8 40.h4 Ra6 41.
Kf3 Ke7 42.Ke4 Kf6 43.Kf3 Kf5 44.Kg3 Ra8 45.e4+ Kf6 46.Kg4 g6 47.Kf3 Ke7 
48.Ke3 Kd6 49.Kd4 Ra7 50.Kc4 h5 51.Kd4 Ra8 52.e5+ Kc6 53.Kc4 Rf8 54.Kc3 
Kb5 55.Rd4 a4 56.Rb4+ Ka5 57.Rd4 Rc8+ 58.Kb2 Rb8+ 59.Ka2 Rb4 60.Rd6 Rxf4 
61.Rxe6 Rxf2+ 62.Ka3 Rf3+ 63.Ka2 Rg3 64.Rf6 Kb5 65.e6 Kc6 66.e7+ Kd7 67.
Re6 Ke8 68.Kb2 Rg4 69.Ka3 Rxh4 70.Rxg6 Kxe7 71.Rh6 Kf7 72.Kb2 Kg7 73.Ra6 
Rf4 74.Kc3 h4 75.Rb6 h3 76.Rb2 Rh4 77.Rh2 Kf6 78.Kd3 a3 79.Kc2 Ke5 80.Kc3 
Kf4 0-1

[Event "26th EUR-ch"]
[Site "Katowice POL"]
[Date "2026.04.12"]
[Round "5.118"]
[White "Stefansson, Hannes Hlifar"]
[Black "Starosta, Martyna"]
[Result "1-0"]
[WhiteElo "2414"]
[BlackElo "2199"]
[EventDate "2026.04.07"]
[PlyCount "144"]

1.Nf3 Nf6 2.g3 c5 3.Bg2 Nc6 4.d4 cxd4 5.Nxd4 e5 6.Nxc6 dxc6 7.Qxd8+ Kxd8 
8.Nd2 Bc5 9.Nc4 Re8 10.Bd2 Kc7 11.Bc3 Bd4 12.Ba5+ b6 13.Bb4 Be6 14.Bd6+ 
Kd7 15.Bxe5 Bxf2+ 16.Kxf2 Bxc4 17.Rhd1+ Nd5 18.Bh3+ Kd8 19.Bxg7 Rxe2+ 20.
Kg1 Rxc2 21.Rd4 Ba6 22.Bf5 Re2 23.Bxh7 Kc7 24.Rc1 Rae8 25.Ra4 Bb7 26.Bd3 
Rd2 27.Bf1 c5 28.Rxa7 Kb8 29.Ra3 f6 30.Rb3 c4 31.Rxc4 Re1 32.Bh6 Rdd1 33.
Bf4+ Ka7 34.Ra4+ Ba6 35.Rxa6+ Kb7 36.Ra4 Rxf1+ 37.Kg2 Rfe1 38.Rf3 b5 39.
Raa3 Re2+ 40.Rf2 Nxf4+ 41.gxf4 Rxf2+ 42.Kxf2 Rd2+ 43.Kg3 Rxb2 44.h4 Kc6 
45.h5 b4 46.Ra7 Rb1 47.Kg4 Ra1 48.h6 b3 49.h7 Rg1+ 50.Kf3 Rf1+ 51.Ke2 Re1+
52.Kd2 Rh1 53.axb3 Kd5 54.b4 Kd4 55.Rd7+ Kc4 56.Rb7 f5 57.Ke3 Rh3+ 58.Kf2 
Rh4 59.Kg2 Rh6 60.b5 Kc5 61.Kg3 Rh1 62.Rf7 Kxb5 63.Rxf5+ Kc6 64.Rf7 Kd6 
65.f5 Ke5 66.Kg4 Rg1+ 67.Kh5 Rh1+ 68.Kg6 Rg1+ 69.Kh6 Rh1+ 70.Kg7 Rg1+ 71.
Kf8 Rh1 72.Kg8 Kd5 1-0

[Event "26th EUR-ch"]
[Site "Katowice POL"]
[Date "2026.04.12"]
[Round "5.119"]
[White "Karsay, Pascal"]
[Black "Rudzinska, Michalina"]
[Result "0-1"]
[WhiteElo "2412"]
[BlackElo "2204"]
[EventDate "2026.04.07"]
[PlyCount "64"]

1.d4 Nf6 2.c4 e6 3.Nc3 Bb4 4.Qc2 d6 5.Nf3 c5 6.dxc5 dxc5 7.g3 Nc6 8.a3 Ba5
9.Bd2 Nd4 10.Nxd4 cxd4 11.Nb5 Bxd2+ 12.Qxd2 e5 13.Qg5 Qe7 14.Nc7+ Qxc7 15.
Qxg7 Ke7 16.Qxh8 b5 17.Qg7 Bb7 18.f3 bxc4 19.Qg5 Qa5+ 20.Kf2 Rg8 21.Qf5 d3
22.b4 Qb6+ 23.e3 Qd6 24.Qh3 Bxf3 25.Bg2 Ng4+ 26.Kg1 Qb6 27.Qh4+ Ke8 28.
Bxf3 Qxe3+ 29.Kg2 Qf2+ 30.Kh3 Qxf3 31.Raf1 Qe4 32.Re1 Nf2# 0-1

[Event "26th EUR-ch"]
[Site "Katowice POL"]
[Date "2026.04.12"]
[Round "5.120"]
[White "Ringuet, Noe"]
[Black "Medhus, Vitus Bondo"]
[Result "0-1"]
[WhiteElo "2220"]
[BlackElo "2401"]
[EventDate "2026.04.07"]
[PlyCount "84"]

1.d4 Nf6 2.Bf4 c6 3.Nc3 b5 4.e3 e6 5.Bd3 d5 6.Nf3 a6 7.O-O c5 8.dxc5 Bxc5 
9.a3 Bb7 10.Qe2 Nbd7 11.Rad1 Qe7 12.Ne5 O-O 13.e4 d4 14.Nb1 Nxe5 15.Bxe5 
Nd7 16.Bg3 e5 17.Nd2 Bd6 18.Nb3 Rae8 19.f3 Nb6 20.Be1 Rc8 21.Bd2 Nc4 22.
Bc1 Qc7 23.Qe1 Qb6 24.Kh1 Rfe8 25.Rf2 Re7 26.Bxc4 bxc4 27.Na5 Ba8 28.b3 
cxb3 29.cxb3 Rec7 30.b4 Qb5 31.h3 h6 32.Rfd2 Be7 33.Ra2 Qa4 34.Bd2 Bh4 35.
Qf1 Bg3 36.Rc1 Rxc1 37.Bxc1 Rc2 38.Rxc2 Qxc2 39.Nc4 Bc6 40.Nd6 Bb5 41.Nxb5
axb5 42.a4 d3 0-1

[Event "26th EUR-ch"]
[Site "Katowice POL"]
[Date "2026.04.12"]
[Round "5.121"]
[White "Smolik, Jachym"]
[Black "Pasti, Zsombor"]
[Result "1-0"]
[WhiteElo "2395"]
[BlackElo "2180"]
[EventDate "2026.04.07"]
[PlyCount "167"]

1.Nf3 d5 2.e3 Nf6 3.c4 e6 4.Nc3 Be7 5.b3 b6 6.cxd5 exd5 7.Bb2 O-O 8.g3 
Nbd7 9.Bg2 Ba6 10.Ne2 Ne4 11.O-O Bf6 12.Bxf6 Qxf6 13.d3 Nc3 14.Nxc3 Qxc3 
15.Rc1 Qxd3 16.Rxc7 Nc5 17.Qxd3 Bxd3 18.Rd1 Be4 19.Ng5 Bxg2 20.Kxg2 Ne6 
21.Nxe6 fxe6 22.e4 Rfd8 23.exd5 exd5 24.Kf1 a5 25.Rb7 Rac8 26.Re1 Rb8 27.
Ra7 Re8 28.Rd7 Rxe1+ 29.Kxe1 Re8+ 30.Kd2 Re5 31.Rd6 Rf5 32.Ke3 Re5+ 33.Kd3
Rf5 34.Ke2 Re5+ 35.Kf1 b5 36.Ra6 a4 37.bxa4 d4 38.Rd6 bxa4 39.Rxd4 Ra5 40.
a3 Kf7 41.Re4 Kf6 42.Ke2 g5 43.Ke3 h5 44.h3 Kf5 45.h4 g4 46.Rf4+ Kg6 47.f3
gxf3 48.Kxf3 Ra8 49.Ke3 Ra7 50.Kd2 Rb7 51.Rb4 Ra7 52.Rb6+ Kg7 53.Kc3 Rf7 
54.Kb4 Rf3 55.Rb5 Rxg3 56.Rxh5 Rg4+ 57.Kb5 Kf7 58.Ka5 Ke7 59.Rh7+ Kd6 60.
h5 Kc6 61.Rh6+ Kc7 62.Rg6 Rh4 63.h6 Kd7 64.Kb5 Kc7 65.Rf6 Kd7 66.Ra6 Kc7 
67.Ra7+ Kd6 68.Rxa4 Rh5+ 69.Kc4 Rh4+ 70.Kb3 Rh3+ 71.Kb4 Rh4+ 72.Kb5 Rh5+ 
73.Kc4 Rh4+ 74.Kb3 Rh3+ 75.Kb2 Rh2+ 76.Kc1 Kc5 77.Ra6 Kb5 78.Rg6 Rh3 79.
Kd2 Rxa3 80.Rg5+ Kc6 81.Rh5 Ra8 82.h7 Rh8 83.Ke3 Kd6 84.Kf4 1-0

[Event "26th EUR-ch"]
[Site "Katowice POL"]
[Date "2026.04.12"]
[Round "5.122"]
[White "Borrmann, Laurenz"]
[Black "Majcher, Igor"]
[Result "1-0"]
[WhiteElo "2391"]
[BlackElo "2184"]
[EventDate "2026.04.07"]
[PlyCount "59"]

1.e4 d6 2.d4 Nf6 3.Bd3 e5 4.c3 d5 5.dxe5 Nxe4 6.Nf3 Nc6 7.O-O Be7 8.Nbd2 
Nc5 9.Bb5 Bd7 10.Be2 g5 11.Nb3 g4 12.Nxc5 Bxc5 13.Ng5 Nxe5 14.Qxd5 Bd6 15.
Ne4 Bc6 16.Nxd6+ cxd6 17.Qd4 Rg8 18.Re1 Qf6 19.Bf4 O-O-O 20.Bxe5 dxe5 21.
Qxa7 Qf4 22.Rad1 Rxd1 23.Rxd1 Re8 24.Qe3 Qa4 25.Qg5 Qxa2 26.Bxg4+ Kb8 27.
Bh5 Qxb2 28.Bxf7 Qe2 29.Bh5 Qc2 30.Rc1 1-0

[Event "26th EUR-ch"]
[Site "Katowice POL"]
[Date "2026.04.12"]
[Round "5.123"]
[White "Povshednyi, Ivan"]
[Black "Kondys, Piotr"]
[Result "1-0"]
[WhiteElo "2391"]
[BlackElo "2178"]
[EventDate "2026.04.07"]
[PlyCount "85"]

1.d4 e6 2.c4 Nf6 3.Nc3 Bb4 4.Qc2 d6 5.a3 Bxc3+ 6.Qxc3 b6 7.Qf3 c6 8.e4 
Nbd7 9.Ne2 O-O 10.Ng3 Bb7 11.Be2 b5 12.cxb5 cxb5 13.O-O a6 14.Qe3 Rc8 15.
Bd2 Qb6 16.Rfc1 Rxc1+ 17.Rxc1 Rc8 18.Rxc8+ Bxc8 19.f3 Qc6 20.Qc3 Qxc3 21.
Bxc3 Bb7 22.Nf1 Nb6 23.b3 Ne8 24.Ne3 Kf8 25.g4 h6 26.h4 Ke7 27.Bd3 Nf6 28.
Kf2 Kd7 29.Kg3 Ke7 30.d5 g6 31.dxe6 Kxe6 32.Ng2 Ke7 33.Nf4 Bc6 34.h5 gxh5 
35.Nxh5 Nbd7 36.Ng7 d5 37.Nf5+ Ke6 38.Nd4+ Kd6 39.Nf5+ Kc7 40.e5 Ng8 41.
Ba5+ Kb8 42.Bb4 Ka7 43.Bd6 1-0

[Event "26th EUR-ch"]
[Site "Katowice POL"]
[Date "2026.04.12"]
[Round "5.124"]
[White "Sherman, Raem"]
[Black "Senel, Hayri Beyhun"]
[Result "1/2-1/2"]
[WhiteElo "2391"]
[BlackElo "2172"]
[EventDate "2026.04.07"]
[PlyCount "200"]

1.e4 c5 2.Nf3 a6 3.c4 Nc6 4.d4 cxd4 5.Nxd4 Nf6 6.Nc3 e5 7.Nf5 d5 8.cxd5 
Bxf5 9.exf5 Nd4 10.Bd3 Be7 11.O-O O-O 12.Re1 Nxd5 13.Be4 Nf6 14.Bxb7 Ra7 
15.Be4 Nxe4 16.Rxe4 Bf6 17.Be3 Rb7 18.Rb1 Nxf5 19.Qf3 Nd4 20.Bxd4 exd4 21.
Rxd4 Bxd4 22.Qxb7 Bxc3 23.bxc3 Qd3 24.Qb3 Rc8 25.c4 Qe4 26.Rc1 h6 27.g3 
Rc5 28.Qb4 Qc6 29.Qb8+ Kh7 30.Qf4 Qd7 31.h4 a5 32.Qe4+ g6 33.Kg2 h5 34.Rc3
Qc7 35.Qd4 Qc6+ 36.Kg1 Qc7 37.Qf4 Qxf4 38.gxf4 Kg7 39.Kg2 Kf6 40.Kf3 Kf5 
41.Rc2 Ke6 42.Ke4 Kd6 43.Rd2+ Kc6 44.Rd4 Kc7 45.Kd3 Rf5 46.Ke3 Rc5 47.Re4 
Kd6 48.Kd4 Rf5 49.Kd3 Kc6 50.Ke3 Kc5 51.a3 Kd6 52.Rd4+ Kc5 53.Re4 Rf6 54.
Kd3 Kc6 55.Kc3 Rf5 56.Kd4 Kd6 57.Kd3 Kc6 58.Ke3 Kc5 59.f3 Rf6 60.Re5+ Kxc4
61.Rxa5 Re6+ 62.Re5 Rd6 63.f5 Rd3+ 64.Kf4 gxf5 65.Rxf5 Rxa3 66.Rxf7 Kd5 
67.Re7 Kd6 68.Re3 Ra5 69.Re8 Rb5 70.Rg8 Ke6 71.Rg5 Rb4+ 72.Kg3 Kf6 73.Rxh5
Kg6 74.Rg5+ Kh6 75.f4 Rb3+ 76.Kg4 Rc3 77.Ra5 Rc2 78.Ra6+ Kg7 79.Kg5 Rg2+ 
80.Kf5 Rh2 81.Kg4 Rg2+ 82.Kf3 Rh2 83.Kg3 Rh1 84.Kg4 Rg1+ 85.Kf5 Rh1 86.
Ra7+ Kh6 87.Ke6 Rxh4 88.f5 Re4+ 89.Kf7 Rb4 90.f6 Rb8 91.Ke7 Kg6 92.Rc7 Ra8
93.Rb7 Rc8 94.f7 Kg7 95.Ke6 Kf8 96.Rb6 Ra8 97.Kf6 Rc8 98.Re6 Rb8 99.Re8+ 
Rxe8 100.fxe8=Q+ Kxe8 1/2-1/2

[Event "26th EUR-ch"]
[Site "Katowice POL"]
[Date "2026.04.12"]
[Round "5.125"]
[White "Pycinski, Wladyslaw"]
[Black "Niedbala, Bartlomiej"]
[Result "1/2-1/2"]
[WhiteElo "2218"]
[BlackElo "2382"]
[EventDate "2026.04.07"]
[PlyCount "86"]

1.e4 c5 2.Nf3 Nc6 3.Nc3 g6 4.d4 cxd4 5.Nxd4 Bg7 6.Be3 Nf6 7.Nb3 O-O 8.Qd2 
d6 9.f3 Be6 10.O-O-O a5 11.a4 Nb4 12.Kb1 Rc8 13.Nd4 Bc4 14.Bxc4 Rxc4 15.
Ndb5 Qc8 16.Bd4 Qe6 17.Rhe1 Nd7 18.Bxg7 Kxg7 19.h4 h5 20.Nd4 Qf6 21.Qg5 
Qxg5 22.hxg5 Rfc8 23.Nb3 Rxc3 24.bxc3 Rxc3 25.Rd2 b6 26.Kb2 Rc4 27.c3 Nc6 
28.Nd4 Nxd4 29.Rxd4 Rc6 30.f4 e5 31.fxe5 Nxe5 32.Kb3 Kf8 33.Red1 Ke7 34.
R1d2 Ke6 35.Rd1 Nd7 36.R1d2 Nc5+ 37.Ka3 Ke7 38.Kb2 Nd7 39.Kb3 Ne5 40.Rd1 
Nd7 41.R1d2 Nc5+ 42.Kb2 Ke6 43.Ka3 Nd7 1/2-1/2

[Event "26th EUR-ch"]
[Site "Katowice POL"]
[Date "2026.04.12"]
[Round "5.126"]
[White "Salaun, Yann"]
[Black "Kurmann, Oliver"]
[Result "0-1"]
[WhiteElo "2199"]
[BlackElo "2377"]
[EventDate "2026.04.07"]
[PlyCount "123"]

1.e4 c5 2.Nf3 e6 3.g3 Nc6 4.Bg2 Nf6 5.d3 d5 6.Qe2 Be7 7.O-O b5 8.exd5 exd5
9.c4 bxc4 10.dxc4 Ba6 11.Na3 O-O 12.Re1 Re8 13.Qc2 Nb4 14.Qa4 Bb7 15.Bd2 
a5 16.Ne5 Bd6 17.Bc3 Ne4 18.Qd7 Rxe5 19.Qxd8+ Rxd8 20.Bxe5 Bxe5 21.cxd5 f5
22.Nc4 Bd4 23.Re2 Bxd5 24.Ne3 Bxe3 25.fxe3 Bxa2 26.g4 Bc4 27.Ree1 Nc2 28.
Red1 Nd2 29.Rxa5 Nxe3 30.Rda1 Nxg2 31.Ra8 Rxa8 32.Rxa8+ Kf7 33.Ra7+ Kf6 
34.g5+ Kg6 35.Kxg2 Bd5+ 36.Kg3 Ne4+ 37.Kf4 Nxg5 38.Ra6+ Ne6+ 39.Ke5 Bc4 
40.Rb6 Kg5 41.b3 Nf8 42.Kd6 Be2 43.Rb8 Ng6 44.Kxc5 f4 45.Kd4 Ne7 46.Kc3 f3
47.Kd2 Nf5 48.Ke1 Nd6 49.Rb4 Kf5 50.Kf2 g5 51.Ke3 h5 52.Ra4 g4 53.Ra5+ Nb5
54.Ra8 Kg5 55.Rh8 Nc3 56.Rf8 Bb5 57.Rd8 Kh4 58.Rd2 Be2 59.Rd8 Kh3 60.Rh8 
h4 61.Rh7 Bb5 62.Kd4 0-1

[Event "26th EUR-ch"]
[Site "Katowice POL"]
[Date "2026.04.12"]
[Round "5.127"]
[White "Vagman, Roy"]
[Black "Shpanko, Nadiia"]
[Result "1/2-1/2"]
[WhiteElo "2377"]
[BlackElo "2166"]
[EventDate "2026.04.07"]
[PlyCount "109"]

1.e4 e5 2.Nf3 Nf6 3.Nc3 Nc6 4.h3 h6 5.Bb5 d6 6.d4 exd4 7.Nxd4 Bd7 8.Bxc6 
bxc6 9.Qf3 c5 10.Nf5 g6 11.Ng3 Bg7 12.e5 dxe5 13.Be3 O-O 14.Bxc5 Re8 15.
O-O-O Qc8 16.Rhe1 Re6 17.Qd3 Bc6 18.f3 Nd7 19.Ba3 Qb7 20.Nd5 Rae8 21.Ne4 
f5 22.Nec3 Nb6 23.Nxb6 axb6 24.Qc4 Kh7 25.Nd5 Bxd5 26.Rxd5 Qc6 27.Qxc6 
Rxc6 28.Rd7 Kg8 29.Be7 Re6 30.Bd8 c5 31.g4 fxg4 32.hxg4 Rf8 33.Re3 Bf6 34.
Bxf6 Rfxf6 35.Rd5 Kg7 36.a4 Rf4 37.Rexe5 Rxe5 38.Rxe5 Rxf3 39.Re4 Rf6 40.
Kd2 Rd6+ 41.Kc3 Kf6 42.Kc4 Rd2 43.Kc3 Rd6 44.b3 Kg5 45.Kc4 h5 46.gxh5 gxh5
47.a5 bxa5 48.Re5+ Kg4 49.Rxc5 Ra6 50.Kb5 Ra8 51.Kb6 h4 52.Kb7 h3 53.Rc4+ 
Kg5 54.Rc5+ Kg4 55.Rc4+ 1/2-1/2

[Event "26th EUR-ch"]
[Site "Katowice POL"]
[Date "2026.04.12"]
[Round "5.128"]
[White "Kochavi, Dana"]
[Black "Nunez Gregoire, Daniel"]
[Result "0-1"]
[WhiteElo "2196"]
[BlackElo "2375"]
[EventDate "2026.04.07"]
[PlyCount "134"]

1.e4 d6 2.d4 Nf6 3.Nc3 g6 4.Be3 Bg7 5.f3 a6 6.Bc4 b5 7.Bb3 Nbd7 8.a4 b4 9.
Nb1 a5 10.Ne2 Ba6 11.Nd2 e5 12.Nc4 Bxc4 13.Bxc4 exd4 14.Nxd4 O-O 15.O-O 
Ne5 16.Bb5 c5 17.Nb3 c4 18.Nd4 Qc7 19.h3 c3 20.b3 Ned7 21.Qe2 d5 22.Bc6 
Rae8 23.Qa6 Nb8 24.Qb5 Nxc6 25.Nxc6 Re6 26.Nd4 Ree8 27.Qc6 Qe5 28.Qc5 dxe4
29.Nc6 Qe6 30.Nxa5 Nd5 31.Rad1 exf3 32.Rxd5 Qxe3+ 33.Qxe3 Rxe3 34.Rxf3 
Re1+ 35.Rf1 Rfe8 36.Nc6 Bh6 37.Rxe1 Rxe1+ 38.Kf2 Rc1 39.Nd4 Kf8 40.Rd8+ 
Ke7 41.Nc6+ Ke6 42.Nxb4 Bg5 43.Re8+ Be7 44.Ke2 Kd7 45.Rxe7+ Kxe7 46.Nd5+ 
Kd6 47.Ne3 Kc5 48.Kd3 Re1 49.g4 h6 50.h4 h5 51.g5 Rh1 52.Kxc3 Rxh4 53.Kd3 
Rd4+ 54.Ke2 Kb4 55.Kf3 Kc3 56.a5 Kb4 57.a6 Rd6 58.Ke4 Rxa6 59.Kd4 Rc6 60.
Nd5+ Ka3 61.Kd3 h4 62.Nf4 Kb2 63.b4 h3 64.Nxh3 Rc3+ 65.Kd4 Rxh3 66.c4 Kb3 
67.c5 Kxb4 0-1

[Event "26th EUR-ch"]
[Site "Katowice POL"]
[Date "2026.04.12"]
[Round "5.130"]
[White "Djurovic, Peko"]
[Black "Holtel, Jasper"]
[Result "0-1"]
[WhiteElo "2191"]
[BlackElo "2370"]
[EventDate "2026.04.07"]
[PlyCount "68"]

1.e4 Nf6 2.e5 Nd5 3.d4 d6 4.c4 Nb6 5.exd6 cxd6 6.Nf3 g6 7.Be2 Bg7 8.O-O 
O-O 9.Nc3 Nc6 10.Be3 Bg4 11.c5 Bxf3 12.Bxf3 dxc5 13.dxc5 Nc4 14.Qb3 Nxe3 
15.fxe3 Qc7 16.Nd5 Qe5 17.Qxb7 Rac8 18.Rac1 e6 19.Nf6+ Bxf6 20.Bxc6 Rc7 
21.Qb5 Rfc8 22.Bd7 Rxc5 23.Rxc5 Qxe3+ 24.Kh1 Rxc5 25.Qb8+ Kg7 26.Qxa7 Bd4 
27.Qa6 Rc1 28.h3 Qf4 29.Bb5 Be5 30.Kg1 Bd4+ 31.Kh1 Be5 32.Kg1 Qh2+ 33.Kf2 
Qg3+ 34.Kg1 Rc2 0-1

[Event "26th EUR-ch"]
[Site "Katowice POL"]
[Date "2026.04.12"]
[Round "5.131"]
[White "Godart, Francois"]
[Black "Wacior, Maciej"]
[Result "1-0"]
[WhiteElo "2369"]
[BlackElo "2160"]
[EventDate "2026.04.07"]
[PlyCount "127"]

1.e4 c6 2.d4 d5 3.Nc3 dxe4 4.Nxe4 Bf5 5.Ng3 Bg6 6.h4 h6 7.Nf3 Nd7 8.h5 Bh7
9.Bd3 Bxd3 10.Qxd3 e6 11.Bd2 Ngf6 12.O-O-O Qb6 13.Ne5 Qb5 14.Nxd7 Kxd7 15.
c4 Qa6 16.Kb1 Rd8 17.Bf4 Kc8 18.Qe2 Bd6 19.Be5 Rd7 20.f4 Rhd8 21.b3 c5 22.
Bxf6 gxf6 23.Ne4 Be7 24.Nxc5 Bxc5 25.dxc5 Qc6 26.Rxd7 Rxd7 27.Qf2 Qe4+ 28.
Ka1 Qd3 29.Qb2 Rd4 30.g3 e5 31.fxe5 fxe5 32.Rc1 Qxg3 33.Rf1 f5 34.Qc1 f4 
35.Rg1 Qe3 36.Qxe3 fxe3 37.Re1 Rd3 38.Kb1 Kd7 39.Kc2 Rd2+ 40.Kc3 Rh2 41.
Rxe3 Rxh5 42.Rd3+ Kc6 43.b4 a5 44.Rd6+ Kc7 45.b5 Rh3+ 46.Kb2 h5 47.b6+ Kc8
48.c6 bxc6 49.Rxc6+ Kb7 50.Rh6 Rd3 51.c5 Rd5 52.Rh7+ Kb8 53.Rc7 Rd8 54.c6 
Rd5 55.Ka3 Rc5 56.Ka4 e4 57.Rb7+ Kc8 58.Re7 Rxc6 59.Kb5 Rc2 60.b7+ Kd8 61.
Rxe4 Rb2+ 62.Ka6 Kc7 63.Re7+ Kd6 64.Rh7 1-0